Обучение чтению профессионально ориентированных текстов (Запись № 11810884)

Подробности
000 -МАРКЕР
контрольное поле 02245nam0a2200361 i 4500
001 - ИДЕНТИФИКАТОР ЗАПИСИ
контрольное поле RU\NLR\BIBL_A\011462703
005 - ИДЕНТИФИКАТОР ВЕРСИИ
контрольное поле 20240921152637.0
021 ## - НОМЕР ГОСУДАРСТВЕННОЙ РЕГИСТРАЦИИ
Код страны Российская Федерация
Номер 2017-56454
Номер Листа государственной регистраци 4016
035 ## - ДРУГИЕ СИСТЕМНЫЕ НОМЕРА
Идентификатор записи (RuMoRGB)008950381
035 ## - ДРУГИЕ СИСТЕМНЫЕ НОМЕРА
Идентификатор записи (NLR Aleph) 011462703
100 ## - ДАННЫЕ ОБЩЕЙ ОБРАБОТКИ
Данные общей обработки 20170825d2016 u y0rusy50 ca
101 0# - ЯЗЫК РЕСУРСА
Язык текста, звукозаписи и т.д. русский
-- немецкий
102 ## - СТРАНА ПУБЛИКАЦИИ ИЛИ ПРОИЗВОДСТВА
Страна публикации Российская Федерация
105 ## - ПОЛЕ КОДИРОВАННЫХ ДАННЫХ: ТЕКСТОВЫЕ МАТЕРИАЛЫ, МОНОГРАФИЧЕСКИЕ
Кодированные данные о монографическом текстовом документе a|||j|||000zy
200 1# - ЗАГЛАВИЕ И СВЕДЕНИЯ ОБ ОТВЕТСТВЕННОСТИ
Основное заглавие Обучение чтению профессионально ориентированных текстов
Сведения, относящиеся к заглавию учебное пособие
-- [для студентов 2-го курса заочного отделения по направлениям подготовки 40.03.01 "Юриспруденция", 38.03.01 "Экономика", 38.03.02 "Менеджмент" и др.]
Первые сведения об ответственности Л.Н. Селиверстова
Последующие сведения об ответственности Министерство образования и науки РФ, ЧОУ ВО "Таганрогский институт управления и экономика", Кафедра гуманитарных дисциплин
210 ## - ПУБЛИКАЦИЯ, РАСПРОСТРАНЕНИЕ И ДР.
Место издания, распространения и т.д. Таганрог
Имя издателя, распространителя и т. д. Изд-во ЧОУ ВО "Таганрогский институт управления и экономики"
Дата издания, распространения и т.д. 2016
215 ## - ФИЗИЧЕСКАЯ ХАРАКТЕРИСТИКА
Специфическое обозначение материала и объем 95 с.
Другие сведения о физической характеристике ил.
Размеры 21
300 ## - ОБЩИЕ ПРИМЕЧАНИЯ
Текст примечания Часть текста на нем. яз.
320 ## - ПРИМЕЧАНИЯ О НАЛИЧИИ В ДОКУМЕНТЕ БИБЛИОГРАФИИ / УКАЗАТЕЛЯ
Текст примечания Библиогр.: с. 93 (6 назв.)
606 1# - НАИМЕНОВАНИЕ ТЕМЫ КАК ПРЕДМЕТ
Наименование темы Немецкий язык
Тематический подзаголовок Учебные издания для юристов
Системный номер авторитетной/нормативной записи 2396222
Идентификатор авторитетной/нормативной записи RU\NLR\AUTH\661428665
606 1# - НАИМЕНОВАНИЕ ТЕМЫ КАК ПРЕДМЕТ
Наименование темы Немецкий язык
Тематический подзаголовок Учебные издания для менеджеров
Системный номер авторитетной/нормативной записи 2400110
Идентификатор авторитетной/нормативной записи RU\NLR\AUTH\661430729
606 1# - НАИМЕНОВАНИЕ ТЕМЫ КАК ПРЕДМЕТ
Наименование темы Немецкий язык
Тематический подзаголовок Учебные издания для экономистов
Системный номер авторитетной/нормативной записи 2396216
Идентификатор авторитетной/нормативной записи RU\NLR\AUTH\661428661
606 1# - НАИМЕНОВАНИЕ ТЕМЫ КАК ПРЕДМЕТ
Наименование темы Немецкий язык
Тематический подзаголовок Учебные издания для государственных служащих
Системный номер авторитетной/нормативной записи 2432174
Идентификатор авторитетной/нормативной записи RU\NLR\AUTH\661447573
686 ## - ИНДЕКСЫ ДРУГИХ КЛАССИФИКАЦИЙ
Индекс Ш143.24-944:Х
Код системы
686 1# - ИНДЕКСЫ ДРУГИХ КЛАССИФИКАЦИЙ
Индекс Ш143.24-93рус329.4
686 1# - ИНДЕКСЫ ДРУГИХ КЛАССИФИКАЦИЙ
Индекс Ш143.24-93рус329.3
686 1# - ИНДЕКСЫ ДРУГИХ КЛАССИФИКАЦИЙ
Индекс Ш143.24-93рус329.2
700 #1 - ИМЯ ЛИЦА - ПЕРВИЧНАЯ ОТВЕТСТВЕННОСТЬ
Начальный элемент ввода Селиверстова
Часть имени, кроме начального элемента ввода Л. Н.
Расширение инициалов личного имени Людмила Николаевна
942 ## - ДОПОЛНИТЕЛЬНЫЕ ЭЛЕМЕНТЫ ЗАПИСИ (АБИС)
Тип экземпляра АБИС Книга
980 ## - КОЛЛЕКЦИЯ
Название коллекции НБР

Нет доступных экземпляров.